header

Witchcraft, sorcery, rumors, and gossip (Record no. 215861)

MARC details
000 -LEADER
fixed length control field 01514nam a2200385Ia 4500
082 04 - DEWEY DECIMAL CLASSIFICATION NUMBER
Classification number 133.4/3
100 1# - MAIN ENTRY--AUTHOR NAME
Personal name Stewart, Pamela J.
245 10 - TITLE STATEMENT
Title Witchcraft, sorcery, rumors, and gossip
260 ## - PUBLICATION, DISTRIBUTION, ETC. (IMPRINT)
Place of publication Cambridge, UK ;
-- New York :
Name of publisher Cambridge University Press,
Year of publication 2004.
300 ## - PHYSICAL DESCRIPTION
Number of Pages xiv, 228 p. :
Other physical details ill.
490 1# - SERIES STATEMENT
Series statement New departures in anthropology
650 #0 - SUBJECT ADDED ENTRY--TOPICAL TERM
Topical Term Witchcraft
Topical Term Gossip
Topical Term Social conflict
Topical Term Violence
700 1# - ADDED ENTRY--PERSONAL NAME
Personal name Strathern, Andrew.
856 40 - ELECTRONIC LOCATION AND ACCESS
Uniform Resource Identifier http://site.ebrary.com/lib/rucke/Doc?id=10120485

No items available.

© 2026 Rongo University
Contact us: librarian | system librarian | Rongo university